Recopilación de leyes decretos supremos y circulares concernientes al ejército
Uloženo v:
| Hlavní autor: | |
|---|---|
| Médium: | Kniha |
| Jazyk: | španělština |
| Vydáno: |
Santiago
Imprenta Cervantes
1888
|
| Témata: | |
| Tagy: |
Přidat tag
Žádné tagy, Buďte první, kdo vytvoří štítek k tomuto záznamu!
|
MARC
| LEADER | 00000nam a2200000 a 4500 | ||
|---|---|---|---|
| 001 | UCY4078 | ||
| 003 | CL-VaPUC | ||
| 008 | 950227e18880000CL |||||||||||||||||spa|d | ||
| 082 | 0 | 4 | |a 348.026 |b TOR |2 21 |
| 100 | 0 | |a Toro C., Bernardino |e author |9 332481 | |
| 245 | 1 | 0 | |a Recopilación de leyes decretos supremos y circulares concernientes al ejército |
| 300 | |a 418 p | ||
| 942 | |c BK | ||
| 945 | |d 19950227 00:00:00 |a aalvarez | ||
| 260 | |a Santiago |b Imprenta Cervantes |c 1888 | ||
| 650 | 0 | |a Derecho militar |9 255065 | |
| 651 | 7 | |a CHILE |2 CL-VaPUC |9 332482 | |
| 583 | |a last modification |c 19950227 00:00:00 |k Rodrigo Vera | ||
| 999 | |c 232045 |d 232043 | ||
| 952 | |0 0 |1 0 |4 0 |6 348_026000000000000_TOR_1888 |7 0 |8 DER_HDC |9 236042 |a BIBDER |b BIBDER |d 2019-11-15 |i 3060691 |o 348.026 TOR 1888 |p 3060691 |r 2023-01-25 |w 2019-11-15 |x Ubicación 4to Piso |y BK_X |z Estos recursos deben solicitarse con anticipación |k DER | ||